Reales exequias de la señora doña María Isabel Francisca de Braganza, augusta esposa del señor don Fernando séptimo, rey de las Españas y de sus dignísimos y augustos padres los señores don Carlos quarto y doña María Luisa de Borbón /
Este libro comprende las oraciones, homenajes, sermones y demás elogios fúnebres que fueron ofrecidos al rey Fernando VII a la muerte de su esposa, María Isabel Francisca de Braganza, celebradas en la catedral de Guadalajara.
Guardado en:
| Formato: | Libro |
|---|---|
| Idioma: | Español |
| Temas: | |
| Etiquetas: |
Sin etiquetas, Sé el primero en etiquetar este registro!
|
MARC
| LEADER | 00000nam^a2200000^a^4500 | ||
|---|---|---|---|
| 001 | 000121758 | ||
| 005 | 20250526000000.0 | ||
| 009 | 20260310094438.045 | ||
| 037 | |a Acervo ITESO - Biblioteca | ||
| 041 | |a ESP | ||
| 082 | |a 946. 072 |b REA | ||
| 245 | 1 | 0 | |a Reales exequias de la señora doña María Isabel Francisca de Braganza, augusta esposa del señor don Fernando séptimo, rey de las Españas y de sus dignísimos y augustos padres los señores don Carlos quarto y doña María Luisa de Borbón / |
| 264 | |a México : |b Imprenta de la Viuda de Don José Romero, |c ca. 1820 | ||
| 300 | |a 1 v. (varias paginaciones) ; |c 19.5 cm. | ||
| 520 | |a Este libro comprende las oraciones, homenajes, sermones y demás elogios fúnebres que fueron ofrecidos al rey Fernando VII a la muerte de su esposa, María Isabel Francisca de Braganza, celebradas en la catedral de Guadalajara. | ||
| 546 | |a Edición bilingüe español-latín | ||
| 649 | |a XX | ||
| 650 | |a Nobles Españoles - |x Homenajes | ||
| 650 | |a Mujeres Españolas | ||
| 650 | |a Oración (Religión) | ||
| 650 | |a Sermones Funerarios | ||
| 650 | |a Ritos Funerarios | ||
| 650 | |a España - |x Historia - |y Fernando VII, 1814-1833 | ||
| 650 | |a España - |x Historia - |y Siglo XIX | ||
| 650 | |a España - |x Historia - |y Borbones, 1700-1931 | ||
| 650 | |a Guadalajara, Jalisco - |x Historia - |y Epoca Colonial, 1517-1821 | ||
| 650 | |a Jalisco - |x Historia - |y Epoca Colonial, 1517-1821 | ||
| 650 | |a México - |x Historia - |y Epoca Colonial, 1517-1821 | ||
| 910 | |a Fondo Salvador Reynoso Reynoso | ||
| 920 | |a Impresos - Libros | ||
| 930 | |a Libros Antiguos y Raros | ||
| 905 | |a 108 | ||
| 901 | |a 0800006999 |b IT2 |c LRA |u 20250526 | ||
| 902 | |a https://opac.biblio.iteso.mx/vufind/Record/000121758 | ||